| 000 | 00670cam a22002293a 4500 | ||
|---|---|---|---|
| 001 | 5176 | ||
| 003 | PGUSA | ||
| 005 | 20140828083114.0 | ||
| 008 | 040201s2004||||xxu|||||s|||||000 1 eng d | ||
| 040 |
_aPGUSA _beng |
||
| 042 | _adc | ||
| 050 | 4 | _aPS | |
| 100 | 1 | _aSills, Steven David Justin | |
| 245 | 1 | 0 |
_aCorpus of a Siam Mosquito _h[electronic resource] / _cSteven David Justin Sills |
| 260 |
_bProject Gutenberg, _c2004 |
||
| 506 | _aCopyrighted. Read the copyright notice inside this book for details. | ||
| 516 | _aElectronic text | ||
| 653 | _aFiction | ||
| 830 | 0 |
_aProject Gutenberg _v5176 |
|
| 856 | 4 | 0 | _uhttp://www.gutenberg.org/ebooks/5176 |
| 942 | _cEB | ||
| 999 |
_c234505 _d234505 |
||